000 00329nam a22001337a 4500
003 OSt
008 231114b |||||||| |||| 00| 0 eng d
041 _aeng
082 _a338.9
_bMIN/IN
245 _aThe Indian experiment /
260 _aNew Delhi :
_bMinistry of Information & Broadcasting
_c1965.
300 _a35p.
942 _cBK
999 _c17790
_d17790